[Event "San Francisco TNM Spring op"]
[Site "San Francisco"]
[Date "2016.04.19"]
[Round "6"]
[White "Porlares, Teodoro"]
[Black "Oyuntseren, Togtokh"]
[Result "1-0"]
[WhiteElo "1852"]
[BlackElo "1571"]
[PlyCount "51"]
[EventDate "2016.03.15"]
[EventType "swiss"]
[EventRounds "8"]
[EventCountry "USA"]
[SourceTitle "EXT 2018"]
[Source "ChessBase"]
[SourceDate "2017.10.13"]
[SourceVersion "1"]
[SourceVersionDate "2017.10.13"]
[SourceQuality "1"]

1. e4 e6 2. d4 d5 3. Nd2 Nc6 4. Ngf3 Bd7 5. c3 dxe4 6. Nxe4 h6 7. Bd3 Nf6 8. Nc5 Bxc5 9. dxc5 Qe7 10. b4 a6 11. a4 0-0 12. 0-0 Nd5 13. Bc2 f5 14. Bb2 b5 15. cxb6 cxb6 16. b5 axb5 17. axb5 Na5 18. Ba3 Qf6 19. Bxf8 Kxf8 20. c4 Nb4 21. Qd6+ Qe7 22. Qxb6 Nxc2 23. Rxa5 Rxa5 24. Qxa5 Na3 25. Ne5 Nc2 26. Ng6+ 1-0

[Event "San Francisco TNM Jay Whitehead op"]
[Site "San Francisco"]
[Date "2014.08.14"]
[Round "2"]
[White "Oyuntseren, Togtokh"]
[Black "Otterbach, Renate"]
[Result "1-0"]
[WhiteElo "1561"]
[BlackElo "1136"]
[PlyCount "111"]
[EventDate "2014.08.05"]
[EventType "swiss"]
[EventRounds "9"]
[EventCountry "USA"]
[SourceTitle "EXT 2016"]
[Source "ChessBase"]
[SourceDate "2015.10.08"]
[SourceVersion "1"]
[SourceVersionDate "2015.10.08"]
[SourceQuality "1"]

1. e4 e6 2. e5 d5 3. exd6 cxd6 4. Nf3 Nh6 5. d4 Nf5 6. Bd3 Nd7 7. Bxf5 exf5 8. Nc3 Nf6 9. Qe2+ Be7 10. Bg5 0-0 11. 0-0 h6 12. Bxf6 Bxf6 13. Rfe1 Bd7 14. Nd5 Rc8 15. Nxf6+ Qxf6 16. c3 f4 17. Qe7 Qf5 18. Qxd6 Rc6 19. Qe5 Rg6 20. Qxf5 Bxf5 21. Nh4 Rg5 22. Nxf5 Rxf5 23. Re5 Rf6 24. b4 Rc8 25. Rc5 Rfc6 26. Rb1 Kf8 27. f3 g5 28. Kf2 Ke7 29. Re1+ Kd6 30. c4 b6 31. Rd5+ Kc7 32. Re7+ Kb8 33. c5 R6c7 34. Re2 Kb7 35. a4 Kc6 36. Rd6+ Kb7 37. Rc2 Re8 38. c6+ Kc8 39. Re2 Rce7 40. Rxe7 Rxe7 41. Rxh6 Re3 42. Rh5 Kc7 43. b5 Ra3 44. Rxg5 Ra2+ 45. Ke1 Rxa4 46. Rd5 Ra1+ 47. Kd2 a6 48. Rd7+ Kc8 49. Rxf7 a5 50. Kc2 Ra2+ 51. Kb3 Rxg2 52. h4 Rf2 53. Rxf4 Rf1 54. d5 Rb1+ 55. Ka2 Rxb5 56. d6 1-0

[Event "San Francisco TNM Summer op"]
[Site "San Francisco"]
[Date "2014.07.15"]
[Round "8"]
[White "Oyuntseren, Togtokh"]
[Black "Poblete, Tyrone C"]
[Result "1-0"]
[WhiteElo "1395"]
[BlackElo "1293"]
[PlyCount "69"]
[EventDate "2014.05.27"]
[EventType "swiss"]
[EventRounds "8"]
[EventCountry "USA"]
[SourceTitle "EXT 2016"]
[Source "ChessBase"]
[SourceDate "2015.10.08"]
[SourceVersion "1"]
[SourceVersionDate "2015.10.08"]
[SourceQuality "1"]

1. e4 c5 2. c3 Nc6 3. Nf3 Qc7 4. Bc4 Ne5 5. Nxe5 Qxe5 6. Qe2 a6 7. d3 e6 8. f4 Qc7 9. a3 Ne7 10. Be3 b6 11. Nd2 g6 12. Qf2 Bg7 13. d4 0-0 14. dxc5 b5 15. Bb3 a5 16. Bd4 f6 17. f5 d5 18. fxe6 Bxe6 19. 0-0 Rad8 20. Qe3 Nc6 21. exd5 Bxd5 22. Bxd5+ Rxd5 23. Qe6+ Qf7 24. Qxc6 Re8 25. Bxf6 Bxf6 26. Rxf6 Qd7 27. Qxd7 Rxd7 28. Rd6 Rde7 29. Nf3 Re2 30. Rb1 Rc2 31. Rd2 Rxd2 32. Nxd2 Re2 33. Nf3 Kf8 34. Kf1 Re6 35. b4 1-0

[Event "San Francisco TNM Summer op"]
[Site "San Francisco"]
[Date "2014.06.17"]
[Round "4"]
[White "Oyuntseren, Togtokh"]
[Black "Poling, Scott"]
[Result "0-1"]
[WhiteElo "1395"]
[BlackElo "1683"]
[PlyCount "68"]
[EventDate "2014.05.27"]
[EventType "swiss"]
[EventRounds "8"]
[EventCountry "USA"]
[SourceTitle "EXT 2016"]
[Source "ChessBase"]
[SourceDate "2015.10.08"]
[SourceVersion "1"]
[SourceVersionDate "2015.10.08"]
[SourceQuality "1"]

1. e4 e6 2. Nf3 d5 3. exd5 exd5 4. d4 Bd6 5. Bd3 Ne7 6. 0-0 0-0 7. b3 Bf5 8. Nc3 c6 9. Bg5 f6 10. Bxf5 Nxf5 11. Be3 Re8 12. Qd3 Qd7 13. a3 Na6 14. b4 b5 15. Rab1 Nc7 16. Rfe1 a5 17. Ne2 axb4 18. axb4 Ra4 19. c3 Rea8 20. Bf4 Bxf4 21. Nxf4 Nd6 22. Nd2 g6 23. f3 Kf7 24. Nb3 Qf5 25. Qxf5 Nxf5 26. Na5 g5 27. Nd3 Ra3 28. g4 Nxd4 29. cxd4 Rxd3 30. Nxc6 Ne6 31. Kf2 Raa3 32. Kg2 Ra2+ 33. Kg3 Rdd2 34. Rg1 Nf4 0-1

[Event "San Francisco TNM Spring op"]
[Site "San Francisco"]
[Date "2014.04.01"]
[Round "3"]
[White "Oyuntseren, Togtokh"]
[Black "Morgan, Jerry"]
[Result "0-1"]
[WhiteElo "1372"]
[BlackElo "1568"]
[PlyCount "106"]
[EventDate "2014.03.18"]
[EventType "swiss"]
[EventRounds "8"]
[EventCountry "USA"]
[SourceTitle "EXT 2016"]
[Source "ChessBase"]
[SourceDate "2015.10.08"]
[SourceVersion "1"]
[SourceVersionDate "2015.10.08"]
[SourceQuality "1"]

1. e4 c6 2. Nc3 d5 3. d4 dxe4 4. Nxe4 Bf5 5. Qd3 Qd5 6. f3 Nd7 7. Qc4 Bxe4 8. fxe4 Qxe4+ 9. Ne2 Qh4+ 10. g3 Qe4 11. Rg1 Qd5 12. Qxd5 cxd5 13. Bg2 e6 14. Bf4 Bb4+ 15. c3 Be7 16. 0-0-0 Ngf6 17. Bg5 h6 18. Bxf6 Bxf6 19. h4 Nb6 20. Kb1 Nc4 21. Rd3 0-0 22. Nf4 Rfd8 23. Re1 Rab8 24. Nh5 Be7 25. b3 Na3+ 26. Kb2 b5 27. Nf4 b4 28. Nxd5 bxc3+ 29. Rxc3 Bd6 30. Nf4 Bxf4 31. Kxa3 Bd2 32. Rec1 Bxc1+ 33. Rxc1 Rxd4 34. Rc7 Rd2 35. Be4 Rd4 36. Bc2 a5 37. Ra7 Rd5 38. Ka4 Kf8 39. Rxa5 Rxa5+ 40. Kxa5 Ra8+ 41. Kb5 Rxa2 42. Be4 Ke7 43. Kc5 Kd7 44. b4 Kc7 45. b5 Rb2 46. Bh7 f5 47. Bg6 Rc2+ 48. Kd4 Kb6 49. Be8 Re2 50. Bc6 g5 51. Kd3 Re5 52. Kd4 Re1 53. h5 e5+ 0-1